00901nam a2200217 4500001000700000003000900007005001700016007000300033008004100036100003900077245008200116260005100198300002200249490004400271500007200315710007100387830005200458852003200510999001900542952012200561132662ES-MaACL20230906194225.0t|070214s1966 sp r ||||1| spa d1 aRomañá Pujó, Antonio.99927310aIdea sobre el estado actual de la Cosmología / cAntonio Romañá Pujó. aTortosa : b[s.n.], c1966 (fImp. Sugrañes) a228 p. ; c25 cm.1 aPublicaciones del observatorio del Ebro aPrecede al Tit : Consejo Superior de Investigaciones Científicas.2 aConsejo Superior de Investigaciones Científicas (España)932360 aPublicaciones del observatorio del Ebro9219666 aES-MaACLjC-32252 bR.62913 c132662d132662 00104070aATENEOMbATENEOMcDEPO2d2008-01-17eSCl0oC-32252p1138113r2023-02-23 00:00:00w2023-02-23yMONOGRAFIA